| 000 | 00443cas a2200169 a 4500 | ||
|---|---|---|---|
| 022 | _a0266-4615 | ||
| 040 | _cSUC | ||
| 082 | _a541 CAM 1990 A081 Or. | ||
| 245 | 0 | 0 | _aWater science reviews. |
| 260 |
_aCambridge ; _aNew York : _bCambridge University Press, _c1985-1990. |
||
| 300 |
_a5 v. : _bill. ; _c24 cm. |
||
| 500 | _aEditor: 1985- F. Franks. | ||
| 650 | 0 | _aWater chemistry | |
| 650 | 0 | _aWater | |
| 700 | 1 | _aFranks, Felix. | |
| 942 | _cEK | ||
| 999 |
_c15832 _d15832 |
||